| Tag |
First Indicator |
Second Indicator |
Subfields |
| LEADER |
00000cam a22000001a 4500 |
| 001 |
in00003203813 |
| 006 |
m d f |
| 007 |
cr bn mmmapmmp |
| 008 |
090922s1978 dcua ob f000 0 eng d |
| 005 |
20260604203331.6 |
| 035 |
|
|
|a cis2007444229
|
| 040 |
|
|
|a UMI
|c UMI
|d UtOrBLW
|
| 043 |
|
|
|a n-us---
|
| 074 |
|
|
|a 1040
|
| 086 |
0 |
|
|a Y 4.En 2:95-85
|
| 099 |
|
|
|a HRG-1977-NAR-0021
|
| 110 |
1 |
|
|a United States.
|b Congress.
|b Senate.
|b Committee on Energy and Natural Resources.
|b Subcommittee on Parks and Recreation.
|
| 245 |
1 |
0 |
|a Redwood National Park, State of California :
|b hearings before the Subcommittee on Parks and Recreation of the Committee on Energy and Natural Resources, United States Senate, Ninety-fifth Congress, first session, on S. 1976 ... September 6, 7, and October 5, 1977.
|
| 264 |
|
1 |
|a Washington :
|b U.S. Govt. Print. Off,
|c 1978.
|
| 300 |
|
|
|a 1 online resource.
|
| 336 |
|
|
|a text
|b txt
|2 rdacontent
|
| 337 |
|
|
|a computer
|b c
|2 rdamedia
|
| 338 |
|
|
|a online resource
|b cr
|2 rdacarrier
|
| 490 |
0 |
|
|a Serial - Senate, Committee on Energy and Natural Resources ;
|v no. 95-85
|
| 504 |
|
|
|a Includes bibliographical references.
|
| 538 |
|
|
|a System requirements: PDF reader software.
|
| 500 |
|
|
|a Electronic resource.
|
| 650 |
|
0 |
|a National parks and reserves
|z California.
|
| 651 |
|
0 |
|a Redwood National Park (Calif.)
|
| 655 |
|
7 |
|a Electronic books.
|2 local
|
| 710 |
2 |
|
|a ProQuest (Firm)
|
| 776 |
0 |
8 |
|i Print version:
|a United States. Congress. Senate. Committee on Energy and Natural Resources. Subcommittee on Parks and Recreation.
|t Redwood National Park, State of California
|w (OCoLC)03903609
|w gp 78016204
|
| 776 |
0 |
8 |
|i Microfiche version:
|a United States. Congress. Senate. Committee on Energy and Natural Resources. Subcommittee on Parks and Recreation.
|t Redwood National Park, State of California.
|d [Bethesda, Md.] : ProQuest,[2004]
|o CIS 78 S311-27
|w (ProQuest)cis07802350
|
| 830 |
|
0 |
|a U.S. Congressional Hearings.
|
| 856 |
4 |
0 |
|u http://proxy.library.tamu.edu/login?url=https://congressional.proquest.com/congcomp/getdoc?HEARING-ID=HRG-1977-NAR-0021
|z Connect to the full text of this electronic book
|t 0
|
| 998 |
|
|
|a cis07802350
|
| 999 |
|
|
|a MARS
|
| 999 |
f |
f |
|s 37097001-3c18-3f10-ad9e-056076e68e01
|i d314264d-bcaa-39b4-ac9d-828015ccbe70
|t 0
|
| 952 |
f |
f |
|a Texas A&M University
|b College Station
|c Electronic Resources
|s www_evans
|d Available Online
|t 0
|e HRG-1977-NAR-0021
|h Other scheme
|
| 998 |
f |
f |
|a HRG-1977-NAR-0021
|t 0
|l Available Online
|